| 000 | 00599nam a22001937a 4500 | ||
|---|---|---|---|
| 003 | OSt | ||
| 005 | 20180116183106.0 | ||
| 008 | 170803b xxu||||| |||| 00| 0 eng d | ||
| 020 | _a9780077211332 | ||
| 040 | _c0 | ||
| 082 | _a332.1068 SAU 2008 | ||
| 100 | _aAnthony Saunders Marcia Millon Cornett | ||
| 245 |
_aFinancial Institutions Management _bA Risk Management Approach _cAnthony Saunders Marcia Millon Cornett |
||
| 250 | _a6th Ed. | ||
| 260 |
_aUSA _bMcGraw Hill _c2008 |
||
| 300 |
_a871 p. _bHB |
||
| 440 | _aFinancial Institutions Management | ||
| 942 |
_2ddc _cBK _k332.1068 SAU 2008 |
||
| 999 |
_c352055 _d352055 |
||